000 00274nam a22001217a 4500
008 170516b xxu||||| |||| 00| 0 eng d
041 _aeng
080 _a94.
_b94
100 _a94(7/
101 _aSHH
245 _aAMERICAN LIBERARY HISTORY
_cBERGMAN.D
942 _2udc
_cBK
999 _c13332
_d13332